00486nam a2200193 a 4500001001300000003000900013005001700022008004100039020001000080082001600090100001600106245004100122260003700163300000900200500003500209505001000244650002200254700001600276nice12345678IN_TiNIC20260116011841.0050524s1997 teha grp 000 0 per  ac10000a297.7bSID2 aSiddiq, Isa aTarikh-E-Mukhtasar Talim-O-Tarbiyyat aTehranbShirkat Taba Kitabc1997 a410p aincludes index and biblioraphy2 aIndex aIslamic-Education1 aSiddiq, Isa